000 00519nam a2200181Ia 4500
005 20250326123632.0
008 250326s9999 xx 000 0 und d
037 _aTextbook
040 _aFMSL
_beng
_cFMSL
041 _aeng
_2eng
084 _aD658(B) K6
_qFMSL
100 _aAntill J M
_9735667
245 0 _aCritical path methods in construction practice
_cAntill J M; Woodhead R W
260 _aNY
_bNY, John Wiley
_c1966
300 _a276p
942 _cTB
_hD658(B) K6
999 _c1270256
_d1270256